Biblioteca

Foundations for mission / Editado por Emma Wild-Wood , Peniel Rajkumar (Registro nro. 45255)

Detalles MARC
000 -LÍDER
Campo fijo de descripción fija 009000000a22002170004500
020 ## - NÚMERO INTERNACIONAL NORMALIZADO PARA LIBROS
Número Internacional Normalizado del libro 978-1-908355-12-6
082 04 - NÚMERO DE CLASIFICACIÓN DECIMAL DEWEY
Número de clasificación G 266.001 W34f
001 - NÚMERO DE CONTROL
Campo de control 18850
100 1# - ASIENTO PRINCIPAL--NOMBRE PERSONAL
Nombre personal Wild-Wood, Emma (Editor)
245 10 - TÍTULO
Título del Material Foundations for mission / Editado por Emma Wild-Wood , Peniel Rajkumar
260 ## - PUBLICACIÓN, DISTRIBUCIÓN, ETC. (PIE DE IMPRENTA)
Lugar de publicación, distribución, etc. Cornwall, Great Britain : Regnum Books International
300 ## - DESCRIPCIÓN FÍSICA
Extensión 309 páginas
336 ## - CONTENT TYPE
Content type term texto
Content type code txt
Source rdacontent
337 ## - MEDIA TYPE
Source rdamedia
Media type term sin mediación
Media type code n
338 ## - CARRIER TYPE
Source rdacarrier
Carrier type term volumen
Carrier type code nc
501 ## - NOTA DE “CON”
Nota de Contenido Pasta dura
505 00 - NOTA DE CONTENIDO
Nota de contenido con formato preestablecido Cuestiones en misionología contemporánea -- La experiencia como una base de la misión -- La Biblia como una base de la misión -- La teología como una base para la misión -- El evangelismo
650 14 - ASIENTO SECUNDARIO DE MATERIA - TERMINO TEMÁTICO
Término temático o nombre geográfico como elemento de entrada Misiones
942 ## - TIPO DE MATERIAL (KOHA)
Tipo de Item KOHA Libros General
Existencias
Estado de Material Estado de Perdido Estado de Dañado No para Préstamo Colección Tomo Biblioteca de Origen Biblioteca Permanente Fecha de Adquisición Total de Préstamos Signatura Topográfica Código de Barras Última vez visto Ejemplar/Existencia Fecha de Remplazo Tipo de Material
        Colección General   Biblioteca FUSBC Biblioteca FUSBC 21/11/2014   G 266.001 W34f 18838 12/12/2019 1 26/01/2016 Libros General

Biblioteca FUSBC | Teléfono: (57+4) 349 88 10 Ext. 141| WhatsApp (+57) 3005338115 
E-mail: biblioteca@unisbc.edu.co | Calle 76 87-14 Robledo Palenque, Medellín, Colombia

Con tecnología Koha